Hiến ngọc : Thơ

保存先:
書誌詳細
第一著者: Lâm, Thao
フォーマット: 図書
言語:Undetermined
出版事項: Cần Thơ Nxb. Đại học Cần Thơ 2012
主題:
タグ: タグ追加
タグなし, このレコードへの初めてのタグを付けませんか!
Thư viện lưu trữ: Trung tâm Học liệu Trường Đại học Cần Thơ
LEADER 00517nam a2200193Ia 4500
001 CTU_229709
008 210402s9999 xx 000 0 und d
082 |a 895.9221 
082 |b Th108 
100 |a Lâm, Thao 
245 0 |a Hiến ngọc : 
245 0 |b Thơ 
245 0 |c Lâm Thao 
260 |a Cần Thơ 
260 |b Nxb. Đại học Cần Thơ 
260 |c 2012 
650 |a Thơ Việt Nam,Vietnamese poetry 
910 |b nthai 
980 |a Trung tâm Học liệu Trường Đại học Cần Thơ